000 01620nam a2200253Ia 4500
003 Ost
005 20260507075733.0
008 260507s9999||||xx |||||||||||||| ||und||
020 _a9772237571
040 _cfsecg
041 _aara
082 _a303.484
100 _aسليم، محمد السيد
_eمؤلف
245 0 _aآسيا والعولمة /
_c محمد السيد سليم
260 _aالقاهرة:
_bمركز الدراسات الآسيوية,
_c2003
300 _a484 صفحة؛
_c24 سم
520 _aالأصول التاريخية للعولمة في آسيا،الرؤى الآسيوية للعولمة،الأبعاد الإقتصادية للعولمة في آسيا،الأبعاد السياسية للعولمة في آسيا،الأبعاد الثقافية للعولمة في آسيا،العولمة والأمن في آسيا،العولمة والسياسات الخارجية للدول الآسيوية،اليابان والعولمة،كوريا والعولمة،الصين وتايوان والعولمة،رؤية مقارنة،اندونيسيا والعولمة،ماليزيا والعولمة،الهند والعولمة،باكستان والعولمة،أوزباكستان والعولمة،إيران والعولمة،تركيا والعولمة،النتائج المستفادة من التعامل الآسيوي مع العولمة
653 _aالاقتصاد
653 _aالثقافة
653 _aالسياسة
653 _aالعولمة -آسيا
700 _aالسيد، صدقي عابدين
_eمؤلف ثانوي
942 _cكتاب
999 _c46060
_d46060